000 00557nam a22001937a 4500
003 OSt
005 20160803153354.0
008 160803b xxu||||| |||| 00| 0 eng d
020 _a0443061564
040 _c040a
082 _aWB 100
_bE77b 1999
100 _aEasterbrook, Philippa J
_910553
245 _aBasic medical sciences :
_bfor MRCP Part 1 /
_cPhilippa J. Easterbrook
260 _aEdinburgh
_bChurchill Livingstone
_c1999
300 _ax, 407p;
_bill :
_c10 cm.
504 _aIncludes index
650 _aMedical sciences
_93347
942 _2z
_cO_SHELF
999 _c4912
_d4912